Trendy a perspektívy dôchodkového zabezpečenia bakalárska práca

Salvato in:
Dettagli Bibliografici
Autore principale: Sabolová, Klára
Ente Autore: Národohospodárska fakulta EU. Katedra financií
Altri autori: Beličková, Kornélia, 1966-
Natura: Libro
Lingua:slovacco
Pubblicazione: Bratislava 2025
Tags: Aggiungi Tag
Nessun Tag, puoi essere il primo ad aggiungerne!!

MARC

LEADER 00000nbm a2200000 4500
001 0309185
005 20260121102413.1
041 0 |a slo 
044 |a SK 
245 1 0 |a Trendy a perspektívy dôchodkového zabezpečenia  |b bakalárska práca  |c Klára Sabolová ; školiteľ: Kornélia Beličková 
264 1 |a Bratislava  |c 2025 
300 |a 32 s. 
100 1 |a Sabolová, Klára 
700 1 |a Beličková, Kornélia, 1966- 
710 2 |a Národohospodárska fakulta EU. Katedra financií